Guess the Mlb team! - Statistics

General Stats
  • This quiz has been taken 33 times
  • The average score is 28 of 30
Answer Stats
Picture Answer % Correct
Chicago Cubs
100%
Cincinnati reds
100%
Arizona Diamondbacks
96%
Boston Redsox
96%
Chicago White Sox
96%
Cleveland Guardians
96%
Colorado Rockies
96%
Houston Astros
96%
Miami Marlins
96%
Minnesota twins
96%
New york Mets
96%
New York Yankees
96%
Oakland Athletics
96%
Pittsburgh Pirates
96%
San diego Padres
96%
St .Louis Cardinals
96%
Tampa Bay Rays
96%
Toronto Blue jays
96%
Atlanta Braves
93%
Baltimore Orioles
93%
Los Angeles Angels
93%
Los Angeles Dodgers
93%
Milwaukee Brewers
93%
Seattle Mariners
93%
Texas Rangers
93%
Washington Nationals
93%
Detroit Tigers
89%
Kansas City Royals
89%
Philadelphia Phillies
89%
San Francisco Giants
89%
No matching quizzes found
Score Distribution
Percent of People with Each Score
Percentile by Number Answered
Your Score History
You have not taken this quiz